Indonesia food and beverage - Statistics

General Stats
  • This quiz has been taken 37 times
  • The average score is 36 of 46
Answer Stats
Hint Answer % Correct
roti bread
100%
nasi rice
100%
ayam chicken
96%
apel apple
93%
sarapan breakfast
93%
wortel carrot
93%
makan malam dinner
93%
telur egg
93%
ikan fish
93%
makan siang lunch
93%
sosis sausage
93%
sup soup
93%
tomat tomato
93%
pisang banana
89%
kue cake
89%
daging meat
89%
makanan laut seafood
89%
jagung corn
86%
susu milk
86%
stroberi strawberry
86%
gula sugar
86%
teh tea
86%
tahu tofu
86%
air water
86%
cabai chilli
82%
kelapa coconut
82%
buah mangga mango
82%
jeruk orange
82%
nanas pineapple
82%
garam salt
82%
bir beer
79%
timun cucumber
79%
buah naga dragon fruit
79%
jus juice
79%
buah fruits
75%
jeruk nipis lemon
75%
mentega butter
71%
sayuran vegetables
71%
ceri cherry
68%
bawang bombai onion
64%
buah leci lychee
61%
nangka jackfruit
57%
merica pepper
50%
limun lemonade
43%
anggur grape, wine
0%
sambal soy sauce
0%
No matching quizzes found
Score Distribution
Percent of People with Each Score
Percentile by Number Answered
Your Score History
You have not taken this quiz